| 000 | 00486nam a22001457a 4500 | ||
|---|---|---|---|
| 082 | _a621 | ||
| 100 | _aAkhtar, Muhammad Armaghan | ||
| 245 |
_aHomecare Human Tracking Robot using POMSP Techniques / _cMuhammad Armaghan Akhtar |
||
| 260 |
_aIslamabad : _bCEME - NUST, _c2016. |
||
| 300 |
_a55 p. ; _c30cm. |
||
| 650 |
_aMechatronics Engineering-MS-Thesis _916096 |
||
| 700 |
_aDr. Kunwar Faraz Ahmed _931660 |
||
| 942 |
_2ddc _cTHE |
||
| 999 |
_c536514 _d536514 |
||